000
00261nam a22001217a 4500
008
180829b xxu||||| |||| 00| 0 eng d
041
_a
eng
080
_a
941
100
_a
17
101
_a
HIS
245
_a
The Manhattan Project
_c
Beyer, D.E
942
_2
udc
_c
BK
999
_c
47384
_d
47384